| 000 | 00559nam a22001937a 4500 | ||
|---|---|---|---|
| 003 | OSt | ||
| 005 | 20240617163252.0 | ||
| 008 | 240617b |||||||| |||| 00| 0 eng d | ||
| 020 | _a9780824783839 | ||
| 040 | _cMUST | ||
| 082 | _a519.72 DAR 1991 | ||
| 100 |
_aTaft Earl J _917395 |
||
| 245 |
_aINTRODUCTION LINEAR PROGRAMMING _bAPPLICATIONS AND EXTENTIONS _cRichard B Darst |
||
| 300 |
_axii,353p _bill. _c23.5cm |
||
| 440 |
_aPURE AND APPLIED MATHEMATICS _917360 |
||
| 504 | _aAppendixes and indexes | ||
| 650 | _2Linear programming | ||
| 942 |
_2ddc _cO_SHELF |
||
| 999 |
_c8577 _d8577 |
||